The Big Bang Theory Guest Stars - Statistics

General Stats
  • This quiz has been taken 50 times
    13 since last reset
  • The average score is 10 of 25
Answer Stats
Hint Answer % Correct
Microsoft Bill Gates
89%
Theory of Everything Stephen Hawking
89%
Batman Adam West
67%
Science guy Bill Nye
67%
Tesla Elon Musk
67%
Star Wars James Earl Jones
67%
Star Trek Leonard Nimoy
67%
Marvel Comics Stan Lee
67%
Winning! Charlie Sheen
56%
Apollo Buzz Aldrin
44%
Firefly Nathan Fillion
44%
Pluto Neil Degrasse-Tyson
44%
Star Trek Wil Wheaton
44%
Star Wars Carrie Fisher
33%
Star Trek Levar Burton
33%
Apple Steve Wozniak
33%
Star Trek George Takei
22%
Germaphobe Howie Mandel
22%
Firefly Summer Glau
22%
Star Trek Brent Spiner
11%
Cosmologist George Smoot
11%
Science Friday host Ira Flatow
11%
Battlestar Katie Sackhoff
11%
Astronaut with mass Mike Massimino
11%
String Theory Brian Greene
0%
No matching quizzes found
Score Distribution
Percent of People with Each Score
Percentile by Number Answered
Your Score History
You have not taken this quiz since the last reset